[Event "ESP-chT CECLUB Div2"]
[Site "Linares"]
[Date "2023.08.18"]
[Round "7.15"]
[White "Grabuzova, Tatiana"]
[Black "Gonzalez Berruga, Ana Isabel"]
[Result "1-0"]
[WhiteElo "2192"]
[BlackElo "1967"]
[PlyCount "109"]
[EventDate "2023.08.13"]
[EventType "team-swiss"]
[EventRounds "7"]
[EventCountry "ESP"]
[SourceTitle "EXT 2024"]
[Source "ChessBase"]
[SourceDate "2023.10.10"]
[SourceVersion "1"]
[SourceVersionDate "2023.10.10"]
[SourceQuality "1"]
[WhiteTeam "Filantropos Equigoma"]
[BlackTeam "Vetusta Chess"]
[WhiteTeamCountry "ESP"]
[BlackTeamCountry "ESP"]

1. d4 Nf6 2. c4 e6 3. g3 Bb4+ 4. Bd2 Be7 5. Bg2 d5 6. Nf3 c6 7. Qc2 0-0 8. 0-0 Nbd7 9. b4 Ne4 10. c5 a5 11. bxa5 Nxd2 12. Nbxd2 Qxa5 13. a4 b6 14. cxb6 Qxb6 15. Rfb1 Qc7 16. e4 Ra7 17. exd5 cxd5 18. Qxc7 Rxc7 19. Bf1 Ra7 20. a5 Ba6 21. Bxa6 Rxa6 22. Rb7 Rd8 23. Nb3 Bd6 24. Rc1 h6 25. Ne1 Rb8 26. Rxb8+ Nxb8 27. Rc8+ Kh7 28. Nd3 Ra7 29. Ndc5 Kg6 30. f4 Kf5 31. Kg2 Na6 32. Kf3 h5 33. Rc6 Bxc5 34. dxc5 Nc7 35. Rb6 e5 36. c6 Ne6 37. Rb5 e4+ 38. Ke3 Ra6 39. Rxd5+ Kg4 40. Nd4 Nxd4 41. Rg5+ Kh3 42. Rxh5+ Kg2 43. Kxd4 Rxc6 44. Kxe4 g6 45. Rh7 f5+ 46. Ke5 Ra6 47. Rh6 Kf3 48. Kd5 Kg2 49. Kc5 Rxa5+ 50. Kd6 Ra3 51. Ke6 Ra7 52. Kf6 Ra6+ 53. Kg5 Ra5 54. Kxg6 Rb5 55. Rh5 1-0

[Event "ESP-ch (Women)"]
[Site "Linares"]
[Date "2013.08.21"]
[Round "5"]
[White "Gonzalez Berruga, Ana Isabel"]
[Black "Vega Gutierrez, Sabrina Neide"]
[Result "0-1"]
[WhiteElo "2004"]
[BlackElo "2402"]
[PlyCount "46"]
[EventDate "2013.08.19"]
[EventType "swiss"]
[EventRounds "9"]
[EventCountry "ESP"]
[SourceTitle "CBM 156 Extra"]
[Source "ChessBase"]
[SourceDate "2013.10.22"]
[SourceVersion "1"]
[SourceVersionDate "2013.10.22"]
[SourceQuality "1"]

1. d4 d6 2. Nf3 Nf6 3. c4 g6 4. Nc3 Bg7 5. e4 0-0 6. Be2 Na6 7. Bg5 h6 8. Be3 Ng4 9. Bd2 e5 10. h3 exd4 11. hxg4 dxc3 12. Bxh6 cxb2 13. Bxg7 Kxg7 14. Qd4+ f6 15. Qxb2 Nc5 16. 0-0-0 Bxg4 17. Ng5 Bxe2 18. Rh7+ Kg8 19. Qxe2 fxg5 20. Rdh1 Qf6 21. Kb1 Ne6 22. Qg4 a5 23. Qh3 Ra6 0-1

[Event "Cullera op-B 29th"]
[Site "Cullera"]
[Date "2012.08.30"]
[Round "8"]
[White "Gonzalez Berruga, Ana Isabel"]
[Black "Fernandez Seco, Julian"]
[Result "1/2-1/2"]
[WhiteElo "2003"]
[BlackElo "2017"]
[PlyCount "52"]
[EventDate "2012.08.25"]
[EventType "swiss"]
[EventRounds "9"]
[EventCountry "ESP"]
[SourceTitle "CBM 150 Extra"]
[Source "ChessBase"]
[SourceDate "2012.10.19"]
[SourceVersion "1"]
[SourceVersionDate "2012.10.19"]
[SourceQuality "1"]

1. d4 Nf6 2. c4 g6 3. Nc3 Bg7 4. e4 d6 5. f3 0-0 6. Bg5 c6 7. Qd2 a6 8. h4 Nbd7 9. g4 b5 10. h5 Rb8 11. cxb5 axb5 12. Be2 Qa5 13. hxg6 fxg6 14. Nh3 Ba6 15. 0-0 b4 16. Nd1 Bxe2 17. Qxe2 Qb5 18. Qxb5 Rxb5 19. a4 bxa3 20. Rxa3 Rfb8 21. Be3 c5 22. Nf4 Kf7 23. Ne2 Rb3 24. Ra5 cxd4 25. Bxd4 e5 26. Bc3 Bh6 1/2-1/2

[Event "Cullera op-B 29th"]
[Site "Cullera"]
[Date "2012.08.29"]
[Round "6"]
[White "Lara Granero, Bio"]
[Black "Gonzalez Berruga, Ana Isabel"]
[Result "1/2-1/2"]
[WhiteElo "2045"]
[BlackElo "2003"]
[PlyCount "27"]
[EventDate "2012.08.25"]
[EventType "swiss"]
[EventRounds "9"]
[EventCountry "ESP"]
[SourceTitle "CBM 150 Extra"]
[Source "ChessBase"]
[SourceDate "2012.10.19"]
[SourceVersion "1"]
[SourceVersionDate "2012.10.19"]
[SourceQuality "1"]

1. d4 Nf6 2. c4 g6 3. Nc3 Bg7 4. e4 d6 5. f4 0-0 6. Nf3 c5 7. dxc5 Qa5 8. Bd2 Qxc5 9. b4 Qxb4 10. Na4 Qa3 11. Bc1 Qb4+ 12. Bd2 Qa3 13. Bc1 Qb4+ 14. Bd2 1/2-1/2

[Event "La Roda op 39th"]
[Site "La Roda"]
[Date "2012.04.04"]
[Round "1"]
[White "Sanchez, Joseph"]
[Black "Gonzalez Berruga, Ana Isabel"]
[Result "1-0"]
[WhiteElo "2526"]
[BlackElo "1993"]
[PlyCount "61"]
[EventDate "2012.04.04"]
[EventType "swiss"]
[EventRounds "9"]
[EventCountry "ESP"]
[SourceTitle "CBM 147 Extra"]
[Source "ChessBase"]
[SourceDate "2012.04.24"]
[SourceVersion "1"]
[SourceVersionDate "2012.04.24"]
[SourceQuality "1"]

1. e4 c5 2. Nf3 d6 3. d4 cxd4 4. Qxd4 Nc6 5. Bb5 Bd7 6. Bxc6 Bxc6 7. Nc3 Nf6 8. Bg5 Nd7 9. 0-0-0 Qb6 10. Qd2 0-0-0 11. Rhe1 g6 12. Nd5 Bxd5 13. Qc3+ Bc6 14. Qxh8 Qxf2 15. Rd2 Qc5 16. Qxh7 Qc4 17. Kb1 Nc5 18. Rd4 Qe6 19. e5 Bxf3 20. gxf3 f6 21. Be3 fxe5 22. Rg4 Qf5 23. Bxc5 dxc5 24. Qxg6 Qxf3 25. Qe6+ Kb8 26. Qxe5+ Ka8 27. Rgg1 c4 28. Qc7 Qd5 29. a3 Rb8 30. Rd1 Qb5 31. Rd8 1-0

[Event "ESP-chT (Women)"]
[Site "Cortegana"]
[Date "2010.08.18"]
[Round "3"]
[White "Gonzalez Benavides, Maria del Pilar"]
[Black "Gonzalez Berruga, Ana Isabel"]
[Result "0-1"]
[WhiteElo "1434"]
[BlackElo "2008"]
[PlyCount "68"]
[EventDate "2010.08.17"]
[EventType "team-tourn"]
[EventRounds "7"]
[EventCountry "ESP"]
[SourceTitle "CBM 138 Extra"]
[Source "ChessBase"]
[SourceDate "2010.10.29"]
[SourceVersion "1"]
[SourceVersionDate "2010.10.29"]
[SourceQuality "1"]

1. e4 c5 2. Nf3 d6 3. d4 cxd4 4. Nxd4 Nf6 5. Nc3 g6 6. Be3 Bg7 7. f3 0-0 8. Qd2 Nc6 9. Bc4 Bd7 10. 0-0-0 Rb8 11. Bb3 Ne5 12. h4 b5 13. Bh6 Nc4 14. Qg5 e5 15. Ndxb5 Bxb5 16. Nxb5 Rxb5 17. Bxc4 Rc5 18. Bb3 Nh5 19. Qd2 Bxh6 20. Qxh6 Qf6 21. Qg5 Qxg5+ 22. hxg5 Rc6 23. Rd2 Kg7 24. Rhd1 Rd8 25. Kb1 f6 26. gxf6+ Kxf6 27. c4 Nf4 28. c5 Rxc5 29. Rxd6+ Rxd6 30. Rxd6+ Ke7 31. Ra6 Rc7 32. g3 Ne2 33. Re6+ Kd7 34. Rxe5 Rc1# 0-1

[Event "La Roda op 37th"]
[Site "La Roda"]
[Date "2010.03.31"]
[Round "1"]
[White "Gonzalez Berruga, Ana Isabel"]
[Black "Larino Nieto, David"]
[Result "0-1"]
[WhiteElo "2007"]
[BlackElo "2462"]
[PlyCount "106"]
[EventDate "2010.03.31"]
[EventType "swiss"]
[EventRounds "9"]
[EventCountry "ESP"]
[SourceTitle "CBM 135 Extra"]
[Source "ChessBase"]
[SourceDate "2010.05.04"]
[SourceVersion "1"]
[SourceVersionDate "2010.05.04"]
[SourceQuality "1"]

1. d4 Nf6 2. c4 e6 3. Nf3 Bb4+ 4. Bd2 a5 5. Qc2 d6 6. e3 b6 7. a3 Bxd2+ 8. Nbxd2 Nbd7 9. Bd3 Bb7 10. 0-0 Qe7 11. b4 c5 12. bxc5 dxc5 13. h3 0-0 14. Ne5 g6 15. Ndf3 Rac8 16. Rfc1 cxd4 17. exd4 Rfd8 18. Qb2 Ba8 19. Qe2 Nxe5 20. Qxe5 Bxf3 21. gxf3 Nh5 22. d5 Qd6 23. Qxd6 Rxd6 24. dxe6 Rxe6 25. Bf1 Rc5 26. Rab1 Nf4 27. Kh2 g5 28. Rb5 Kg7 29. Rcb1 Rxb5 30. Rxb5 Re1 31. Bg2 h6 32. Rxb6 Re2 33. Kg1 Ra2 34. Rb3 a4 35. Re3 Ra1+ 36. Kh2 Rc1 37. c5 Ne6 38. c6 Rc2 39. f4 gxf4 40. Rd3 Rxf2 41. Rc3 Rb2 42. Kg1 f3 43. Rxf3 Rb3 44. Rxb3 axb3 45. Be4 Kf6 46. Kf2 Ke5 47. Ke3 b2 48. Bb1 f5 49. Kd2 f4 50. a4 Kd6 51. Kc3 Nc5 52. Kxb2 f3 53. Ba2 Nd3+ 0-1

[Event "ESP-ch (Women)"]
[Site "Almansa"]
[Date "2009.08.01"]
[Round "6"]
[White "Gonzalez Berruga, Ana Isabel"]
[Black "Perera Borrego, Mariela"]
[Result "0-1"]
[WhiteElo "2065"]
[BlackElo "1969"]
[PlyCount "44"]
[EventDate "2009.07.28"]
[EventType "swiss"]
[EventRounds "7"]
[EventCountry "ESP"]
[SourceTitle "CBM 131 Extra"]
[Source "ChessBase"]
[SourceDate "2009.09.03"]
[SourceVersion "2"]
[SourceVersionDate "2009.09.16"]
[SourceQuality "1"]

1. d4 d5 2. c4 c6 3. Nf3 Nf6 4. Nc3 a6 5. Bf4 dxc4 6. e3 b5 7. a4 Bb7 8. Be2 e6 9. 0-0 Bb4 10. Qc2 0-0 11. Ne4 Nxe4 12. Qxe4 Nd7 13. b3 cxb3 14. d5 c5 15. axb5 Bxd5 16. Qb1 axb5 17. Rxa8 Qxa8 18. Bxb5 Nf6 19. Rc1 Rc8 20. Bf1 Qa3 21. Be5 Ra8 22. Bd3 Qa2 0-1

[Event "La Roda op 36th"]
[Site "La Roda"]
[Date "2009.04.08"]
[Round "1"]
[White "Gonzalez Berruga, Ana Isabel"]
[Black "Paunovic, Dragan"]
[Result "0-1"]
[WhiteElo "2050"]
[BlackElo "2537"]
[PlyCount "64"]
[EventDate "2009.04.08"]
[EventType "swiss"]
[EventRounds "9"]
[EventCountry "ESP"]
[SourceTitle "CBM 129 Extra"]
[Source "ChessBase"]
[SourceDate "2009.05.05"]
[SourceVersion "2"]
[SourceVersionDate "2009.05.20"]
[SourceQuality "1"]

1. d4 d6 2. c4 e5 3. e3 Qe7 4. Nc3 Nf6 5. Nf3 g6 6. Be2 Bg7 7. 0-0 0-0 8. b4 a5 9. b5 e4 10. Nd2 Re8 11. a4 c5 12. Nb3 b6 13. f3 Bb7 14. f4 Nbd7 15. g4 h6 16. Ba3 Rad8 17. Rc1 cxd4 18. exd4 e3 19. Bf3 Bxf3 20. Qxf3 Qe6 21. Ne2 Nxg4 22. d5 Qf5 23. Bxd6 Nf2 24. Nbd4 Bxd4 25. Nxd4 Qf6 26. Be5 Nxe5 27. fxe5 Qxe5 28. Nc6 Qg5+ 29. Qg3 Rd7 30. Rfe1 f5 31. Qxg5 hxg5 32. Kg2 Nd3 0-1

[Event "ESP-ch (Women)"]
[Site "Novetle"]
[Date "2008.08.07"]
[Round "5"]
[White "Gonzalez Berruga, Ana Isabel"]
[Black "Garcia Vicente, Nieves"]
[Result "0-1"]
[WhiteElo "2021"]
[BlackElo "2214"]
[PlyCount "76"]
[EventDate "2008.08.03"]
[EventType "swiss"]
[EventRounds "7"]
[EventCountry "ESP"]
[SourceTitle "CBM 125 Extra"]
[Source "ChessBase"]
[SourceDate "2008.09.01"]
[SourceVersion "1"]
[SourceVersionDate "2008.09.01"]
[SourceQuality "1"]

1. d4 Nf6 2. c4 e6 3. Nf3 d5 4. Nc3 Bb4 5. Bg5 h6 6. Bh4 dxc4 7. e3 b5 8. a4 c6 9. Qc2 Nbd7 10. Be2 Bb7 11. 0-0 a6 12. Rfd1 Be7 13. e4 0-0 14. e5 Nd5 15. Bxe7 Qxe7 16. Ne4 Nf4 17. Nd6 Nb6 18. a5 Nbd5 19. Bf1 f5 20. g3 Ng6 21. Ra3 Bc8 22. h4 Bd7 23. Bh3 Nh8 24. Kh2 Nf7 25. Nb7 Nd8 26. Nc5 Be8 27. g4 Bg6 28. Rg1 Nb7 29. g5 h5 30. Nxb7 Qxb7 31. Bg2 Rad8 32. Rd1 Qc7 33. Ng1 c5 34. dxc5 Qxe5+ 35. Kh1 Nb4 36. Qc1 Qxc5 37. Re3 e5 38. b3 f4 0-1

[Event "ESP-ch (Women)"]
[Site "Novetle"]
[Date "2008.08.04"]
[Round "1"]
[White "Gonzalez Berruga, Ana Isabel"]
[Black "Gonzalez Carretero, Ana Belen"]
[Result "1-0"]
[WhiteElo "2021"]
[BlackElo "1744"]
[PlyCount "53"]
[EventDate "2008.08.03"]
[EventType "swiss"]
[EventRounds "7"]
[EventCountry "ESP"]
[SourceTitle "CBM 125 Extra"]
[Source "ChessBase"]
[SourceDate "2008.09.01"]
[SourceVersion "1"]
[SourceVersionDate "2008.09.01"]
[SourceQuality "1"]

1. d4 d5 2. c4 e6 3. Nc3 Nf6 4. Bg5 c6 5. e3 Nbd7 6. Nf3 Bb4 7. Nd2 Qa5 8. Qc2 0-0 9. Bf4 Re8 10. Rd1 e5 11. Nb3 Qd8 12. dxe5 Nxe5 13. a3 Ba5 14. Be2 Ned7 15. 0-0 dxc4 16. Bxc4 Bc7 17. Bg5 Qe7 18. Nd4 h6 19. Nf5 Qc5 20. Nxh6+ Kf8 21. Nf5 Qxc4 22. Rd4 Qe6 23. Rh4 Bd8 24. Nd4 Qe5 25. Rh8+ Ke7 26. Nf5+ Ke6 27. Nxg7+ 1-0

[Event "ESP-ch Universities"]
[Site "Madrid"]
[Date "2008.05.10"]
[Round "7"]
[White "Gonzalez Berruga, Ana Isabel"]
[Black "Mestres Cochs, Joan"]
[Result "1/2-1/2"]
[WhiteElo "1986"]
[BlackElo "2070"]
[PlyCount "50"]
[EventDate "2008.05.08"]
[EventType "swiss"]
[EventRounds "9"]
[EventCountry "ESP"]
[SourceTitle "CBM 124 Extra"]
[Source "ChessBase"]
[SourceDate "2008.07.03"]
[SourceVersion "1"]
[SourceVersionDate "2008.07.03"]
[SourceQuality "1"]

1. d4 Nf6 2. c4 e5 3. e3 exd4 4. exd4 Bb4+ 5. Bd2 Bxd2+ 6. Nxd2 d5 7. Ngf3 0-0 8. Be2 c6 9. 0-0 Bf5 10. c5 Nbd7 11. Nh4 Bg6 12. f4 Ne4 13. Nxg6 hxg6 14. Nxe4 dxe4 15. Qc2 Nf6 16. Rad1 Qe7 17. Bc4 Rad8 18. f5 Nd5 19. fxg6 fxg6 20. Bxd5+ cxd5 21. b4 Rf6 22. Qb3 a6 23. Rde1 Qe6 24. h3 Rdf8 25. Qe3 Rf5 1/2-1/2

[Event "ESP-ch Universities"]
[Site "Madrid"]
[Date "2008.05.09"]
[Round "5"]
[White "Gonzalez Berruga, Ana Isabel"]
[Black "Cabo Alvarez, Christian"]
[Result "1-0"]
[WhiteElo "1986"]
[BlackElo "1946"]
[PlyCount "49"]
[EventDate "2008.05.08"]
[EventType "swiss"]
[EventRounds "9"]
[EventCountry "ESP"]
[SourceTitle "CBM 124 Extra"]
[Source "ChessBase"]
[SourceDate "2008.07.03"]
[SourceVersion "1"]
[SourceVersionDate "2008.07.03"]
[SourceQuality "1"]

1. d4 Nf6 2. c4 c5 3. d5 b5 4. cxb5 a6 5. b6 d6 6. Nc3 g6 7. e4 Bg7 8. a4 Qxb6 9. a5 Qc7 10. f4 0-0 11. Nf3 e6 12. e5 Nxd5 13. Nxd5 exd5 14. Qxd5 Bb7 15. exd6 Bxd5 16. dxc7 Nc6 17. Be2 Rfc8 18. 0-0 Rxc7 19. Be3 Nb4 20. Rac1 Bxb2 21. Rxc5 Rxc5 22. Bxc5 Nc6 23. Bb6 Bc3 24. Rd1 Be6 25. Rc1 1-0

[Event "ESP-ch Universities"]
[Site "Madrid"]
[Date "2008.05.08"]
[Round "3"]
[White "Gonzalez Berruga, Ana Isabel"]
[Black "Krug Cortegoso, Rodolfo Martin"]
[Result "1/2-1/2"]
[WhiteElo "1986"]
[BlackElo "2154"]
[PlyCount "62"]
[EventDate "2008.05.08"]
[EventType "swiss"]
[EventRounds "9"]
[EventCountry "ESP"]
[SourceTitle "CBM 124 Extra"]
[Source "ChessBase"]
[SourceDate "2008.07.03"]
[SourceVersion "1"]
[SourceVersionDate "2008.07.03"]
[SourceQuality "1"]

1. d4 d5 2. c4 Nc6 3. e3 e5 4. cxd5 Qxd5 5. Nc3 Bb4 6. Bd2 Bxc3 7. bxc3 Nf6 8. c4 Qd6 9. d5 Nb8 10. Qc2 Nbd7 11. Nf3 0-0 12. Bc3 Re8 13. Be2 Nc5 14. Nd2 Bd7 15. Rb1 Ba4 16. Qf5 Nfd7 17. 0-0 Qg6 18. Qxg6 hxg6 19. Nf3 b6 20. Ba1 f6 21. Bd1 Rad8 22. Bxa4 Nxa4 23. Rfd1 Ndc5 24. Ne1 Rd6 25. Nc2 a5 26. Na3 Red8 27. f3 R6d7 28. e4 Nb7 29. Kf2 Kf7 30. Ke3 Nd6 31. Rbc1 Nc5 1/2-1/2

[Event "ESP-ch (Women)"]
[Site "Ciudad Real"]
[Date "2007.10.10"]
[Round "4"]
[White "Gonzalez Berruga, Ana Isabel"]
[Black "Boix Pons, Catalina"]
[Result "1/2-1/2"]
[WhiteElo "2001"]
[BlackElo "2004"]
[PlyCount "87"]
[EventDate "2007.10.08"]
[EventType "swiss"]
[EventRounds "7"]
[EventCountry "ESP"]
[SourceTitle "CBM 120 Extra"]
[Source "ChessBase"]
[SourceDate "2007.11.01"]
[SourceVersion "1"]
[SourceVersionDate "2007.11.01"]
[SourceQuality "1"]

1. d4 d5 2. c4 c6 3. Nc3 Nf6 4. Nf3 e6 5. e3 a6 6. Qc2 Nbd7 7. Bd2 Bd6 8. Bd3 dxc4 9. Bxc4 b5 10. Bd3 0-0 11. Ne4 Qe7 12. Nxd6 Qxd6 13. b4 Bb7 14. 0-0 h6 15. a3 Nd5 16. e4 N5b6 17. e5 Qe7 18. Bf4 c5 19. dxc5 Bxf3 20. gxf3 Nd5 21. Bg3 Qg5 22. h4 Qe7 23. f4 f6 24. Rae1 Rac8 25. exf6 Qxf6 26. f5 exf5 27. Qb3 Qf7 28. Bb1 f4 29. Ba2 N7f6 30. Bh2 Qh5 31. Bxf4 Qxh4 32. Bg3 Qg4 33. Qd3 Rfd8 34. Re5 Kh8 35. Bxd5 h5 36. Kh1 Qh3+ 37. Kg1 h4 38. Qf3 hxg3 39. fxg3 Rxd5 40. Rxd5 Nxd5 41. Qxd5 Qxg3+ 42. Qg2 Qe3+ 43. Kh2 Rd8 44. Qh3+ 1/2-1/2

[Event "ESP-ch (Women)"]
[Site "Salou"]
[Date "2006.12.10"]
[Round "1.2"]
[White "Llaneza Vega, Patricia"]
[Black "Gonzalez Berruga, Ana Isabel"]
[Result "1-0"]
[WhiteElo "2227"]
[BlackElo "1958"]
[PlyCount "53"]
[EventDate "2006.12.10"]
[EventType "swiss"]
[EventRounds "7"]
[EventCountry "ESP"]
[SourceTitle "EXT 2024"]
[Source "ChessBase"]
[SourceDate "2023.10.10"]
[SourceVersion "1"]
[SourceVersionDate "2023.10.10"]
[SourceQuality "1"]

1. e4 c5 2. Nf3 d6 3. d4 cxd4 4. Nxd4 Nf6 5. Nc3 g6 6. Be3 Bg7 7. f3 0-0 8. Qd2 Nc6 9. 0-0-0 Bd7 10. g4 Rb8 11. h4 h5 12. gxh5 Nxh5 13. Rg1 Kh7 14. f4 b5 15. Be2 b4 16. Nd5 Qa5 17. Kb1 e6 18. Bxh5 exd5 19. Nxc6 Bxc6 20. exd5 Bd7 21. Bg4 Bc3 22. Qg2 Bb5 23. Be2 Bxe2 24. Qxe2 Rb5 25. Qd3 f5 26. h5 gxh5 27. Qe2 1-0

[Event "ESP-ch U18"]
[Site "Mondariz"]
[Date "2005.09.27"]
[Round "1"]
[White "Rodriguez Gonzalez, Ignacio Carlos"]
[Black "Gonzalez Berruga, Ana Isabel"]
[Result "1-0"]
[WhiteElo "2244"]
[BlackElo "2025"]
[PlyCount "63"]
[EventDate "2005.09.27"]
[EventType "swiss"]
[EventRounds "9"]
[EventCountry "ESP"]
[SourceTitle "CBM 108 Extra"]
[Source "ChessBase"]
[SourceDate "2005.11.04"]
[SourceVersion "1"]
[SourceVersionDate "2005.11.04"]
[SourceQuality "1"]

1. Nf3 d5 2. g3 c5 3. Bg2 e6 4. 0-0 g6 5. d3 Bg7 6. Nbd2 Ne7 7. e4 0-0 8. Re1 Nbc6 9. e5 Qc7 10. Qe2 b5 11. h4 a5 12. Nf1 Ba6 13. h5 gxh5 14. Ng5 h6 15. Nh3 Qxe5 16. Qd1 Qf6 17. Qxh5 Nd4 18. Qd1 Ndf5 19. Nf4 Rac8 20. Nh2 Nc6 21. Nh5 Qd8 22. Qg4 Kh7 23. Nxg7 Rg8 24. Nxe6 fxe6 25. Qf4 Qf6 26. Bh3 Nce7 27. Ng4 Qg6 28. c3 h5 29. Ne5 Qg7 30. Nf3 Ng6 31. Qg5 Qh6 32. Bxf5 1-0

[Event "Albacete op 13th"]
[Site "Albacete"]
[Date "2005.09.04"]
[Round "6"]
[White "Gonzalez Berruga, Ana Isabel"]
[Black "Larios Crespo, Manuel"]
[Result "0-1"]
[WhiteElo "2025"]
[BlackElo "2108"]
[PlyCount "54"]
[EventDate "2005.09.01"]
[EventType "swiss"]
[EventRounds "9"]
[EventCountry "ESP"]
[SourceTitle "CBM 108 Extra"]
[Source "ChessBase"]
[SourceDate "2005.11.04"]
[SourceVersion "1"]
[SourceVersionDate "2005.11.04"]
[SourceQuality "1"]

1. d4 c5 2. d5 e6 3. c4 exd5 4. cxd5 d6 5. e4 g6 6. Nc3 Bg7 7. f4 Ne7 8. Bb5+ Bd7 9. Bxd7+ Nxd7 10. Nf3 Qa5 11. Qc2 b5 12. 0-0 b4 13. Ne2 0-0 14. a3 Qb6 15. axb4 cxb4+ 16. Kh1 Rfc8 17. Qd2 Nc5 18. Qe3 Re8 19. Rd1 Nf5 20. Qf2 Rxe4 21. g4 Rd8 22. Ng3 Nxg3+ 23. Qxg3 Nb3 24. Rb1 Nxc1 25. Rdxc1 Qb5 26. Rd1 Re3 27. f5 Rd3 0-1

[Event "ESP-ch U20"]
[Site "Mondariz"]
[Date "2004.07.18"]
[Round "1"]
[White "Moreno Trujillo, Alejandro"]
[Black "Gonzalez Berruga, Ana Isabel"]
[Result "1-0"]
[WhiteElo "2430"]
[BlackElo "2045"]
[PlyCount "67"]
[EventDate "2004.07.18"]
[EventType "swiss"]
[EventRounds "8"]
[EventCountry "ESP"]
[SourceTitle "CBM 101 Extra"]
[Source "ChessBase"]
[SourceDate "2004.09.01"]
[SourceVersion "2"]
[SourceVersionDate "2004.09.01"]
[SourceQuality "1"]

1. d4 d5 2. c4 c6 3. cxd5 cxd5 4. Nc3 Nf6 5. Nf3 Bf5 6. Bf4 Nc6 7. e3 e6 8. Qb3 Qb6 9. Bb5 Nd7 10. 0-0 Bb4 11. Rfc1 Rc8 12. Bxc6 bxc6 13. Na4 Qa5 14. a3 Be7 15. Qb7 Qd8 16. Rxc6 Rxc6 17. Qxc6 0-0 18. Rc1 g5 19. Bc7 Qe8 20. h3 h5 21. b4 Kh7 22. Ne5 Nxe5 23. Bxe5 Qxc6 24. Rxc6 a5 25. b5 Bd3 26. b6 Bb5 27. Rc7 Bd8 28. Rc8 Ba6 29. Rc5 f6 30. Bc7 Be7 31. Rxa5 Ra8 32. Nc5 Bxc5 33. Rxc5 Kg6 34. Bd6 1-0

[Event "ESP-ch op 68th"]
[Site "Burgos"]
[Date "2003.11.01"]
[Round "9"]
[White "Argandona Riveiro, Inigo"]
[Black "Gonzalez Berruga, Ana Isabel"]
[Result "0-1"]
[WhiteElo "2344"]
[BlackElo "1794"]
[PlyCount "92"]
[EventDate "2003.10.24"]
[EventType "swiss"]
[EventRounds "9"]
[EventCountry "ESP"]
[SourceTitle "EXT 2004"]
[Source "ChessBase"]
[SourceDate "2003.11.25"]
[SourceVersion "1"]
[SourceVersionDate "2003.11.25"]
[SourceQuality "1"]

1. d4 d5 2. e4 dxe4 3. Nc3 Nf6 4. f3 exf3 5. Nxf3 Bf5 6. Bc4 e6 7. 0-0 Be7 8. Ne2 0-0 9. c3 c6 10. Qb3 b5 11. Ne5 bxc4 12. Qb7 Nbd7 13. Nxc6 Qe8 14. Bg5 h6 15. Nxe7+ Qxe7 16. Bxf6 gxf6 17. Qf3 Bd3 18. Qe3 Kh7 19. Rf3 Rg8 20. Nf4 Bf5 21. Raf1 Rg5 22. h4 Rg4 23. Nh5 Qd6 24. Rxf5 exf5 25. Qf3 Rag8 26. Qxf5+ Kh8 27. Nf4 Rxh4 28. Rf3 Rgg4 29. g3 Rxg3+ 30. Rxg3 Qxf4 31. Qxf4 Rxf4 32. Re3 Rg4+ 33. Kf1 h5 34. Re7 h4 35. Rxd7 h3 36. Rd5 Rg5 37. Rxg5 fxg5 38. b4 cxb3 39. axb3 a5 40. Kf2 Kg7 41. b4 axb4 42. cxb4 Kf6 43. b5 Ke6 44. b6 Kd6 45. d5 g4 46. Kg3 f5 0-1